000 00743nam a22002897a 4500
001 BR7906937
003 BR-BrBNA
005 20230928090231.0
007 ta
008 230509b bl.||||| |||| 00| 0 por d
040 _aBR-BrBNA
_bpor
_cBiblioteca Nacional de Agricultura
041 _a(Por)
072 _aE15
090 _ E15 BR7906937
100 1 _aBarbosa, J.S.
245 1 _aAdministracao rural a nivel de fazendeiro
250 1 _a2. ed.
260 3 _aSao Paulo, SP (Brasil):
_bNobel,
_c[nd].
300 _a117 p.
500 _aPublished after 1979
650 _aFAZENDA
650 _aEXPLORACAO AGRICOLA
650 _aADMINISTRACAO RURAL
650 _aPRODUCAO
909 _a202309
_bLucia
_c55
_dLucia Elande
942 _cBK
999 _c28127
_d28127